书目信息 |
| 题名: |
拉斐尔·莫尼欧
|
|
| 作者: | 卡萨蒙蒂 编著 ;殷欣 译 | |
| 分册: | ||
| 出版信息: | 大连 大连理工大学出版社 2014.06 |
|
| 页数: | 119页 | |
| 开本: | 27cm | |
| 丛书名: | 世界著名建筑大师作品点评丛书 | |
| 单 册: | ||
| 中图分类: | TU-865.51 , TU-865 | |
| 科图分类: | ||
| 主题词: | 建筑艺术--jian zhu yi shu--艺术评论--西班牙--现代 | |
| 电子资源: | ||
| ISBN: | 978-7-5611-8144-7 | |
| 000 | 01170nam 2200289 450 | |
| 001 | 2345968115 | |
| 005 | 20231127124629.12 | |
| 010 | @a978-7-5611-8144-7@b精装@dCNY48.00 | |
| 100 | @a20140717d2014 em y0chiy50 ea | |
| 101 | 0 | @achi |
| 102 | @aCN@b210000 | |
| 105 | @aa a 000yy | |
| 200 | 1 | @a拉斐尔·莫尼欧@Ala fei er ·mo ni ou@f(意) 马尔科·卡萨蒙蒂编著@d= Rafael Moneo@fMarco Casamonti@g殷欣译@zeng |
| 210 | @a大连@c大连理工大学出版社@d2014.06 | |
| 215 | @a119页@c图 (部分彩图)@d27cm | |
| 225 | 2 | @a世界著名建筑大师作品点评丛书@Ashi jie zhu ming jian zhu da shi zuo pin dian ping cong shu |
| 320 | @a有书目 (第119页) | |
| 330 | @a本书共分为: 引言 ; 作品 ; 设计项目 ; 设计理念 ; 图片 ; 评论 ; 参考书目 ; 图片鸣谢几部分, 主要内容包括: 莫尼欧: 技巧的严格、按时间顺序排列的大事记和作品列表等。 | |
| 410 | 0 | @12001 @a世界著名建筑大师作品点评丛书 |
| 510 | 1 | @aRafael Moneo@zeng |
| 606 | 0 | @a建筑艺术@Ajian zhu yi shu@x艺术评论@y西班牙@z现代 |
| 690 | @aTU-865.51@v5 | |
| 690 | @aTU-865@v4 | |
| 701 | 1 | @a卡萨蒙蒂@Aka sa meng di@g(Casamonti, Marco)@4编著 |
| 702 | 0 | @a殷欣@Ayin xin@4译 |
| 801 | 0 | @aCN@b人天书店@c20140717 |
| 905 | @aBZT@dTU-865@e2 | |
| 拉斐尔·莫尼欧/(意) 马尔科·卡萨蒙蒂编著= Rafael Moneo/Marco Casamonti/殷欣译.-大连:大连理工大学出版社,2014.06 |
| 119页:图 (部分彩图);27cm.-(世界著名建筑大师作品点评丛书) |
| ISBN 978-7-5611-8144-7(精装):CNY48.00 |
| 本书共分为: 引言 ; 作品 ; 设计项目 ; 设计理念 ; 图片 ; 评论 ; 参考书目 ; 图片鸣谢几部分, 主要内容包括: 莫尼欧: 技巧的严格、按时间顺序排列的大事记和作品列表等。 |
| ● |
| 相关链接 |
|
|
|
正题名:拉斐尔·莫尼欧
索取号:TU-865/2
 
预约/预借
| 序号 | 登录号 | 条形码 | 馆藏地/架位号 | 状态 | 备注 |
| 1 | 2001129399 | 2001129399 | 东辅楼二楼书库/ [索取号:TU-865/2] | 在馆 | |
| 2 | 2001129400 | 2001129400 | 东辅楼二楼书库/ [索取号:TU-865/2] | 在馆 | |
| 3 | 2001129401 | 2001129401 | 东辅楼二楼书库/ [索取号:TU-865/2] | 在馆 | |
| 4 | 2001129402 | 2001129402 | 东辅楼二楼书库/ [索取号:TU-865/2] | 在馆 | |
| 5 | 2001129403 | 2001129403 | 东辅楼二楼书库/ [索取号:TU-865/2] | 在馆 | |
| 6 | 2001129404 | 2001129404 | 东辅楼二楼书库/ [索取号:TU-865/2] | 在馆 | |
| 7 | 2001129405 | 2001129405 | 东辅楼二楼书库/ [索取号:TU-865/2] | 在馆 | |
| 8 | 2001129406 | 2001129406 | 东辅楼二楼书库/ [索取号:TU-865/2] | 在馆 | |
| 9 | 2001129407 | 2001129407 | 东辅楼二楼书库/ [索取号:TU-865/2] | 在馆 | |
| 10 | 2001129408 | 2001129408 | 东辅楼二楼书库/ [索取号:TU-865/2] | 在馆 | |
| 11 | 2001129409 | 2001129409 | 东辅楼二楼书库/ [索取号:TU-865/2] | 在馆 | |
| 12 | 2001129410 | 2001129410 | 东辅楼二楼书库/ [索取号:TU-865/2] | 在馆 | |
| 13 | 2001129411 | 2001129411 | 东辅楼二楼书库/ [索取号:TU-865/2] | 在馆 | |
| 14 | 2001129412 | 2001129412 | 东辅楼二楼书库/ [索取号:TU-865/2] | 在馆 | |
| 15 | 2001129413 | 2001129413 | 东辅楼二楼书库/ [索取号:TU-865/2] | 在馆 | |
| 16 | 2001129414 | 2001129414 | 东辅楼二楼书库/ [索取号:TU-865/2] | 在馆 | |
| 17 | 2001129415 | 2001129415 | 东辅楼二楼书库/ [索取号:TU-865/2] | 在馆 | |
| 18 | 2001129416 | 2001129416 | 东辅楼二楼书库/ [索取号:TU-865/2] | 在馆 | |
| 19 | 2001129417 | 2001129417 | 东辅楼二楼书库/ [索取号:TU-865/2] | 在馆 | |
| 20 | 2001129418 | 2001129418 | 东辅楼二楼书库/ [索取号:TU-865/2] | 在馆 | |
| 21 | 2001129419 | 2001129419 | 东辅楼二楼书库/ [索取号:TU-865/2] | 在馆 | |
| 22 | 2001129420 | 2001129420 | 东辅楼二楼书库/ [索取号:TU-865/2] | 在馆 | |
| 23 | 2001129421 | 2001129421 | 东辅楼二楼书库/ [索取号:TU-865/2] | 在馆 | |
| 24 | 2001129422 | 2001129422 | 东辅楼二楼书库/ [索取号:TU-865/2] | 在馆 | |
| 25 | 2001129423 | 2001129423 | 东辅楼二楼书库/ [索取号:TU-865/2] | 在馆 | |
| 26 | 2001129424 | 2001129424 | 东辅楼二楼书库/ [索取号:TU-865/2] | 在馆 | |
| 27 | 2001129425 | 2001129425 | 东辅楼二楼书库/ [索取号:TU-865/2] | 在馆 | |
| 28 | 2001129426 | 2001129426 | 东辅楼二楼书库/ [索取号:TU-865/2] | 在馆 | |
| 29 | 2001129427 | 2001129427 | 东辅楼二楼书库/ [索取号:TU-865/2] | 在馆 | |
| 30 | 2001129428 | 2001129428 | 东辅楼二楼书库/ [索取号:TU-865/2] | 在馆 |